000
00282nam a22001217a 4500
008
170615b xxu||||| |||| 00| 0 eng d
041
_a
eng
080
_a
327
100
_a
19
101
_a
SHP
245
_a
THE INTERNATIONAL DEVELOPMENT ASSOCIATION
_c
WEAVER, J.H
942
_2
udc
_c
BK
999
_c
17540
_d
17540